MARC

LEADER 00000nam0a2200000 4500
001 252609
005 20231101232752.0
010 |a 5020163821 
035 |a (RuTPU)RU\TPU\book\274959 
090 |a 252609 
100 |a 20140305d1989 k y0rusy50 ca 
101 0 |a rus 
102 |a RU 
105 |a y z 001zy 
200 1 |a Африка: Взаимодействие культур  |f Академия наук СССР (АН СССР), Институт Африки (ИАф) ; под ред. Р. Н. Исмагиловой 
210 |a Москва  |c Наука  |d 1989 
215 |a 367 с. 
320 |a Библиогр.: с. 338-361. 
606 1 |a Культура  |x Отдельных стран и континентов  |2 stltpush  |3 (RuTPU)RU\TPU\subj\69477  |9 84327 
610 1 |a культурные связи 
610 1 |a межкультурные взаимодействия 
610 1 |a история 
610 1 |a цивилизации 
610 1 |a Южная Африка 
610 1 |a колониализм 
610 1 |a миссионерство 
610 1 |a этничность 
610 1 |a исламский мир 
686 |a Ч11(6)  |v LBC/SL-A  |2 rubbk 
702 1 |a Исмагилова  |b Р. Н.  |4 340 
712 0 2 |a Академия наук СССР (АН СССР)  |b Институт Африки (ИАф)  |c (Москва)  |2 stltpush  |3 (RuTPU)RU\TPU\col\11573 
801 1 |a RU  |b 63413507  |c 20140305 
801 2 |a RU  |b 63413507  |c 20140319  |g RCR 
942 |c BK